书目信息 |
| 题名: |
数字信号处理基础
|
|
| 作者: | 周利清 , 苏菲 编著 | |
| 分册: | ||
| 出版信息: | 北京 北京邮电大学出版社 2005.09 |
|
| 页数: | 322页 | |
| 开本: | 24cm | |
| 丛书名: | 信息通信专业教材系列 | |
| 单 册: | ||
| 中图分类: | TN911.72 | |
| 科图分类: | ||
| 主题词: | 数字信号--shu zi xin hao--信号处理--高等学校--教材 | |
| 电子资源: | ||
| ISBN: | 7-5635-1113-X | |
| 000 | 00983nam 2200265 450 | |
| 001 | 012007223848 | |
| 005 | 20070428095218.46 | |
| 010 | @a7-5635-1113-X@dCNY29.00 | |
| 100 | @a20070205d2005 km y0chiy0120 ea | |
| 101 | 0 | @achi |
| 102 | @aCN@b110000 | |
| 105 | @aa a 000yy | |
| 200 | 1 | @a数字信号处理基础@Ashu zi xin hao chu li ji chu@f周利清, 苏菲编著@Fzhou li qing,su fei bian zhu |
| 210 | @a北京@c北京邮电大学出版社@d2005.09 | |
| 215 | @a322页@c图@d24cm | |
| 225 | 2 | @a信息通信专业教材系列@Axin xi tong xin zhuan ye jiao cai xi lie |
| 320 | @a有书目 (第321-322页)。 | |
| 330 | @a本书阐述了离散系统的性质、离散信号的各种变换;深入讲解了DFT的原理及其性质,讨论了用DFT求线性卷积和进行分段卷积的方法等。 | |
| 410 | 0 | @12001 @a信息通信专业教材系列 |
| 606 | 0 | @a数字信号@Ashu zi xin hao@x信号处理@x高等学校@j教材 |
| 690 | @aTN911.72@v4 | |
| 701 | 0 | @a周利清@Azhou li qing@4编著 |
| 701 | 0 | @a苏菲@Asu fei@4编著 |
| 801 | 0 | @aCN@c20070428 |
| 905 | @a10447@dTN911.72@eZ775 | |
| 数字信号处理基础/周利清, 苏菲编著.-北京:北京邮电大学出版社,2005.09 |
| 322页:图;24cm.-(信息通信专业教材系列) |
| ISBN 7-5635-1113-X:CNY29.00 |
| 本书阐述了离散系统的性质、离散信号的各种变换;深入讲解了DFT的原理及其性质,讨论了用DFT求线性卷积和进行分段卷积的方法等。 |
| ● |
| 相关链接 |
|
|
|
正题名:数字信号处理基础
索取号:TN911.72/Z775
 
预约/预借
| 序号 | 登录号 | 条形码 | 馆藏地/架位号 | 状态 | 备注 |
| 1 | 236163 | 202361639 | 自科库301/301自科库 36排2列1层/ [索取号:TN911.72/Z775] | 在馆 | |
| 2 | 236164 | 202361648 | 自科库301/301自科库 36排2列1层/ [索取号:TN911.72/Z775] | 在馆 |